000 00408nam a2200157 i 4500
001 114837
003 ES-MaACL
005 20230906190249.0
007 t|
008 070403s1959 sp ||||1| cat d
100 0 _aComamala, Romà.
_939928
245 1 0 _aJudit /
_cRomáa Comamala.
260 _aBarcelona :
_bMiguel Arimany,
_c1959.
300 _a88 p. ;
_c24 cm.
852 _aES-MaACL
_jC-17690
_bR.44255
999 _c114837
_d114837